Statistics for Waterpolo European Champions

Click here to take the quiz!

General Stats

  • This quiz has been taken 198 times
  • The average score is 7 of 8

Answer Stats

Country% Correct
Croatia
94%
Hungary
94%
Serbia
94%
Italy
89%
Yugoslavia
85%
Montenegro
82%
West Germany
72%
Netherlands
50%

Score Distribution

Percentile by Number Answered

Percent of People with Each Score

Your Score History

You have not taken this quiz